Behaviour of saturated expensive soil and control methods (Record no. 568)
[ view plain ]
| 000 -LEADER | |
|---|---|
| fixed length control field | 00339 a2200109 4500 |
| 020 ## - INTERNATIONAL STANDARD BOOK NUMBER | |
| International Standard Book Number | 8120409248 |
| 082 ## - DEWEY DECIMAL CLASSIFICATION NUMBER | |
| Classification number | 624.15136 KAT |
| 100 ## - MAIN ENTRY--PERSONAL NAME | |
| Personal name | Katti, R. K. |
| 245 ## - TITLE STATEMENT | |
| Title | Behaviour of saturated expensive soil and control methods |
| Statement of responsibility, etc. | R. K. Katti, A.R. Katti |
| 260 ## - PUBLICATION, DISTRIBUTION, ETC. | |
| Place of publication, distribution, etc. | New Delhi : |
| Name of publisher, distributor, etc. | Mohan Primlani |
| Date of publication, distribution, etc. | 1994 |
| 300 ## - PHYSICAL DESCRIPTION | |
| Extent | xv, 1132p. : |
| Other physical details | ill ., ; |
| Dimensions | 23 cm |
| 650 ## - SUBJECT ADDED ENTRY--TOPICAL TERM | |
| Topical term or geographic name entry element | Soil Properties |
| Withdrawn status | Lost status | Damaged status | Not for loan | Permanent Location | Current Location | Shelving location | Date acquired | Total Checkouts | Full call number | Barcode | Date last seen | Date last checked out | Price effective from | Koha item type |
|---|---|---|---|---|---|---|---|---|---|---|---|---|---|---|
| School of Civil and Environmental Engineering (SCEE) | School of Civil and Environmental Engineering (SCEE) | 1 | 624.15136 KAT | NIT-6722 | 09/23/2021 | 03/03/2021 | 01/05/2017 | Book |
